000 00484nam a2200193Ia 4500
005 20250522104241.0
008 008 250516s9999 xx 000 0 eng d
020 _a9780349433844
040 _aSDCL
_beng
_cSDCL
041 _aeng
_2eng
084 _aO-,2NJA, R4 LR
_qSDCL
100 _aJimenez, Abby
_9755484
245 0 _aJust for the Summer
260 _aLondon:
_bLittle Brown,
_c2024.
300 _a418p.
365 _aINR
_b799
650 _aReference
942 _cTEXL
999 _c1429693
_d1429693